[Event "Perla del Sarcidano op 2nd"]
[Site "Laconi"]
[Date "2006.08.07"]
[Round "4"]
[White "Neri, Enzo"]
[Black "Pais, Mario"]
[Result "1-0"]
[WhiteElo "2058"]
[BlackElo "1672"]
[PlyCount "61"]
[EventDate "2006.08.05"]
[EventType "swiss"]
[EventRounds "4"]
[EventCountry "ITA"]
[SourceTitle "CBM 113 Extra"]
[Source "ChessBase"]
[SourceDate "2006.09.14"]
[SourceVersion "1"]
[SourceVersionDate "2006.09.14"]
[SourceQuality "1"]

1. Nf3 d5 2. d4 Nf6 3. Bf4 c6 4. e3 Bg4 5. h3 Bxf3 6. Qxf3 e6 7. Bd3 Bd6 8. 0-0 0-0 9. Re1 Qc7 10. Bg5 Nbd7 11. c4 dxc4 12. Bxc4 e5 13. Nc3 exd4 14. exd4 Qb6 15. d5 Qc5 16. Bxf6 Nxf6 17. Bb3 cxd5 18. Nxd5 Nxd5 19. Bxd5 Rab8 20. Rac1 Qb4 21. b3 b6 22. Re4 Qd2 23. Rd1 Qh6 24. Rc4 Be5 25. Re1 Bf6 26. Rc7 Qd2 27. Qe4 Rbd8 28. Bc4 Qxa2 29. Rxf7 Kh8 30. Bd3 g6 31. Rxh7+ 1-0

[Event "Corrado Bitti Memorial 5th"]
[Site "Laconi"]
[Date "2005.08.11"]
[Round "9"]
[White "Pais, Mario"]
[Black "Caredda, Giuseppe"]
[Result "1-0"]
[WhiteElo "1720"]
[BlackElo "1409"]
[PlyCount "89"]
[EventDate "2005.08.06"]
[EventType "swiss"]
[EventRounds "9"]
[EventCountry "ITA"]
[SourceTitle "EXT 2007"]
[Source "ChessBase"]
[SourceDate "2006.11.23"]
[SourceVersion "1"]
[SourceVersionDate "2006.11.23"]
[SourceQuality "1"]

1. e4 e5 2. d4 d6 3. dxe5 Nc6 4. exd6 Bxd6 5. Nf3 Nf6 6. Bd3 Be6 7. Nc3 a6 8. 0-0 0-0 9. Re1 Ne5 10. Nxe5 Bxe5 11. h3 Qd6 12. Bg5 Nd7 13. Be3 Rac8 14. Rf1 Rfd8 15. f4 Bd4 16. Qf3 Bxe3+ 17. Qxe3 Nc5 18. Rad1 Nxd3 19. Rxd3 Qb4 20. b3 Rxd3 21. Qxd3 f6 22. f5 Bf7 23. Nd5 Qc5+ 24. Kh1 Rd8 25. Rd1 Kf8 26. Qc3 Qxc3 27. Nxc3 Rxd1+ 28. Nxd1 b5 29. Kg1 Ke7 30. Kf2 Kd6 31. Ke3 Ke5 32. Nf2 h5 33. Nd3+ Kd6 34. g4 c5 35. a3 a5 36. Kd2 c4 37. bxc4 Bxc4 38. Nb2 Bf1 39. gxh5 Bxh3 40. c3 Bg2 41. Ke3 Kc5 42. Kf4 Bf1 43. e5 Be2 44. exf6 gxf6 45. h6 1-0